Từ điển học và sử dụng vi tính (3 trong 1)

Gespeichert in:
Bibliographische Detailangaben
1. Verfasser: Võ, Hiếu Nghĩa
Weitere Verfasser: Trần, Trung Tường
Format: Buch
Sprache:Undetermined
Veröffentlicht: H. Thống kê 2006
Schlagworte:
Online Zugang:http://lrc.tdmu.edu.vn/opac/search/detail.asp?aID=2&ID=3266
Tags: Tag hinzufügen
Keine Tags, Fügen Sie den ersten Tag hinzu!
Thư viện lưu trữ: Trung tâm Học liệu Trường Đại học Thủ Dầu Một
LEADER 00728nam a2200205Ia 4500
001 TDMU_3266
008 210410s9999 xx 000 0 und d
082 |a 004.03 
090 |b V85 
100 |a Võ, Hiếu Nghĩa 
245 0 |a Từ điển học và sử dụng vi tính (3 trong 1) 
245 0 |c Võ Hiếu Nghĩa, Trần Trung Tường, Võ Thị Kim Phượng, Trang Hữu Hạnh 
260 |a H. 
260 |b Thống kê 
260 |c 2006 
300 |a 989tr. 
650 |a Từ điển tin học 
700 |a Trần, Trung Tường 
856 |u http://lrc.tdmu.edu.vn/opac/search/detail.asp?aID=2&ID=3266 
980 |a Trung tâm Học liệu Trường Đại học Thủ Dầu Một